|
|
|
|
| LEADER |
00000nam0a2200000 4500 |
| 001 |
190904 |
| 005 |
20231101224320.0 |
| 010 |
|
|
|a 9785732509304
|
| 035 |
|
|
|a (RuTPU)RU\TPU\book\208136
|
| 090 |
|
|
|a 190904
|
| 100 |
|
|
|a 20110131d2010 km y0rusy50 ca
|
| 101 |
0 |
|
|a rus
|
| 102 |
|
|
|a RU
|
| 105 |
|
|
|a a z 001zy
|
| 200 |
1 |
|
|a Техническая гальванопластика
|f О. В. Кудрявцева
|
| 210 |
|
|
|a СПб.
|c Политехника
|d 2010
|
| 215 |
|
|
|a 149 с.
|c ил.
|
| 225 |
1 |
|
|a Библиотечка гальванотехника
|v Вып. 2
|
| 320 |
|
|
|a Библиогр.: с. 145-146.
|
| 330 |
|
|
|a В книге подробно описаны технологические процессы изготовления формообразующих элементов пресс-форм, полых тонкостенных изделий сложной конфигурации и плоских изделий. Большое внимание уделено вопросам изготовления моделей и материалам, из которых они сделаны. Рассмотрены вопросы металлизации диэлектрических материалов. Приведены составы электролитов, способы их приготовления и корректировки. Книга предназначена для инженерно-технических работников и мастеров гальванических цехов заводов, а также для специалистов проектных организаций; может быть использована студентами вузов.
|
| 606 |
1 |
|
|a Гальванопластика
|2 stltpush
|3 (RuTPU)RU\TPU\subj\5531
|9 33584
|
| 610 |
1 |
|
|a техническая гальванопластика
|
| 610 |
1 |
|
|a пресс-формы
|
| 610 |
1 |
|
|a формообразующие элементы
|
| 610 |
1 |
|
|a изготовление
|
| 610 |
1 |
|
|a полые изделия
|
| 610 |
1 |
|
|a волноводы
|
| 610 |
1 |
|
|a электрод-инструменты
|
| 610 |
1 |
|
|a оборудование
|
| 610 |
1 |
|
|a вспомогательная оснастка
|
| 610 |
1 |
|
|a электролиты
|
| 610 |
1 |
|
|a анализ
|
| 610 |
1 |
|
|a приготовление
|
| 610 |
1 |
|
|a корректировка
|
| 675 |
|
|
|a 621.357.6
|v 3
|
| 700 |
|
1 |
|a Кудрявцева
|b О. В.
|g Ольга Васильевна
|
| 801 |
|
1 |
|a RU
|b 63413507
|c 20110131
|
| 801 |
|
2 |
|a RU
|b 63413507
|c 20150609
|g RCR
|
| 900 |
|
|
|a Технология машиностроения
|
| 900 |
|
|
|a Технология машиностроительного производства
|
| 900 |
|
|
|a Технологические процессы машиностроительного производства
|
| 942 |
|
|
|c BK
|
| 959 |
|
|
|a 17/20110131
|d 2
|e 120,00
|f УФ:1
|f ЧЗТЛ:1
|